000
00327nam a2200133Ia 4500
005
20251222143258.0
008
251222s9999||||xx |||||||||||||| ||spa||
020
_a
84-01-01212-0
082
_a
306.342/S68
100
_a
Soros, George
245
0
_a
La Crisis del Capitalismo Global:
264
_b
Plaza & Janés
942
_c
LIB
999
_c
15228
_d
15228